Hebrew Alphabet (Alefbet ivri) - Statistics

General Stats
  • This quiz has been taken 20 times
  • The average score is 18 of 36
Answer Stats
% Correct
א A / E / ʿ
82%
ה H
71%
ל L
71%
מ M
71%
שׁ SH
71%
בּ B
65%
פ F
65%
גּ G
65%
ק K / Q
65%
ס S
65%
שׂ S
65%
ו V / W / U / O
65%
ז Z
65%
דּ D
59%
נ N
59%
פּ P
59%
ט T
59%
תּ T
59%
י Y
59%
ע A / ʿ
53%
כּ K
53%
ח KH
53%
צ TS
53%
ב‎ V
53%
כ KH
47%
ר R
47%
ג GH
35%
ת TH
29%
ף F - F
24%
ן F - N
24%
ם F - M
18%
ףּ F - P
18%
ץ F - TS
18%
ךּ F - K
12%
ך F - KH
12%
ד TH
12%
No matching quizzes found
Score Distribution
Percent of People with Each Score
Percentile by Number Answered
Your Score History
You have not taken this quiz